| Tag |
First Indicator |
Second Indicator |
Subfields |
| LEADER |
00000pam a2200000 a 4500 |
| 001 |
in00001408045 |
| 005 |
20151020070153.0 |
| 008 |
950221s1996 maua j 000 0 eng |
| 010 |
|
|
|a 95006619
|
| 020 |
|
|
|a 0881068454 (HC)
|
| 020 |
|
|
|a 0881068446 (SC)
|
| 020 |
|
|
|a 0881068462 (LB)
|
| 035 |
|
|
|a (OCoLC)32168238
|
| 035 |
|
|
|9 AHP8426AM
|
| 040 |
|
|
|a DLC
|c DLC
|d UtOrBLW
|
| 043 |
|
|
|a n-us---
|
| 049 |
|
|
|a TXAG
|
| 050 |
0 |
0 |
|a CR113
|b .R93 1996
|
| 082 |
0 |
0 |
|a 929.9/2/0973
|2 20
|
| 100 |
1 |
|
|a Ryan, Pam Muñoz.
|
| 245 |
1 |
4 |
|a The flag we love /
|c by Pam Muñoz Ryan ; illustrated by Ralph Masiello.
|
| 264 |
|
1 |
|a Watertown, MA :
|b Charlesbridge Pub.,
|c [1996]
|
| 264 |
|
4 |
|c ©1996
|
| 300 |
|
|
|a 1 volume (unpaged) :
|b color illustrations ;
|c 24 x 29 cm.
|
| 336 |
|
|
|a text
|b txt
|2 rdacontent
|
| 337 |
|
|
|a unmediated
|b n
|2 rdamedia
|
| 338 |
|
|
|a volume
|b nc
|2 rdacarrier
|
| 650 |
|
0 |
|a Flags
|z United States
|v Juvenile literature.
|
| 650 |
|
1 |
|a Flags.
|
| 700 |
1 |
|
|a Masiello, Ralph,
|e illustrator.
|
| 999 |
|
|
|a MARS
|
| 999 |
f |
f |
|s 9698d607-8c6a-36ac-b098-1fd29653af62
|i 16e7eee6-5e40-3b70-9337-1ed7a724391e
|t 0
|
| 952 |
f |
f |
|p ric
|a Texas A&M University
|b Rellis Campus
|c Joint Library Facility
|d Remote Storage
|t 0
|e CR113 .R93 1996
|h Library of Congress classification
|i unmediated -- volume
|m A14822234703
|
| 998 |
f |
f |
|a CR113 .R93 1996
|t 0
|l Remote Storage
|